Statistiques concernant Un joueur avec ses 3 premiers clubs

Cliquez ici pour prendre le quiz!

Statistiques générales

  • Ce quiz a été pris 163 fois
  • Le résultat moyen est 7 sur 15

Statistiques - réponses

Club 1TransfertClub 2TransfertClub 3Joueur% Correct
Sporting Portugal19MManchester United94MReal MadridRonaldo
95%
Anderlecht26MStade Rennais60MManchester CityDoku
86%
Olympique Lyonnais42MBayern Munich0Olympique LyonnaisTolisso
84%
Sporting Portugal20MLosc50MMilanLeao
82%
Zagreb23MTottenham35MReal MadridModric
80%
Stuttgart23MRB Leipzig64MChelseaWerner
64%
Corinthians6MAs Roma31MParis Saint GermainMarquinhos
58%
Ajax17MManchester united16MAjaxBlind
24%
Leipzig1.5MStuttgart9MBayernKimmich
24%
Standard de Liège9MBenfica40MZenithWitsel
24%
Exeter city7MBrentford34MAston villaWatkins
14%
Ult. Strikers3.5MWolfsburg3.5MCharleroiOsimhen
9%
Novara2.5MUdinese6MSampdoriaBruno Fernandes
7%
Zeljeznicar80KTeplice4MWolfsburgDzeko
7%
Juventus4MPescara2.75MJuventusImmobile
3%

Distribution des résultats

Percentile par nombre de réponses

% des personnes avec chaque résultat

Votre développement - résultats

Vous n’avez pas pris ce quiz